| 000 | 00466nam a2200181 a 4500 | ||
|---|---|---|---|
| 001 | 1762499207909 | ||
| 003 | ACL | ||
| 005 | 20251107124019.0 | ||
| 008 | 251107s2003##################000#0#eng## | ||
| 020 | _a9788177223743 | ||
| 082 | 0 | 4 |
_a658.4012 _bPAR |
| 100 | 1 |
_aParnell, John A., _eauthor. |
|
| 245 | 1 | 0 | _aStrategic Management: Theory and Practice : |
| 260 |
_bJohn Wiley & Sons, _c2003. |
||
| 300 | _a260 pages | ||
| 942 | _cENGLISH | ||
| 040 |
_aACL _beng _cACL |
||
| 999 |
_c596468 _d596468 |
||